Statistics for Couples (British TV)

Click here to take the quiz!

General Stats

  • This quiz has been taken 97 times
  • The average score is 10 of 18

Answer Stats

ActorsHusbandWifeAnswer% Correct
Clive Swift & Patricia RoutledgeRichardHyacinthBucket
97%
John Cleese & Prunella ScalesBasilSybilFawlty
92%
Richard Wilson & Annette CrosbieVictorMargaretMeldrew
86%
Nicholas Lyndhurst & Gwyneth StrongRodneyCassandraTrotter
84%
Leslie Grantham & Anita DobsonDenAngieWatts
84%
Bernard Youens & Jean AlexanderStanHildaOgden
82%
Ricky Tomlinson & Sheila JohnstonJimBarbaraRoyle
75%
Michael Crawford & Michele DotriceFrankBettySpencer
75%
Paul Eddington & Penelope KeithJerryMargoLeadbetter
61%
Gordon Kaye & Carmen SilveraReneEdithArtois
47%
Brian Murphy & Yootha JoyceGeorgeMildredRoper
42%
Ronald Forfar & Jean BohtFreddieNellieBoswell
38%
Aidan Turner & Eleanor TomlinsonRossDemelzaPoldark
36%
Robert Lindsay & Zoe WanamakerBenSusanHarper
34%
Geoffrey Palmer & Wendy CraigRussellRiaParkinson
16%
Sid James & Diane CouplandSidJeanAbbott
14%
Terry Scott & June WhitfieldTerryJuneMedford
10%
Greg Davies & Helen BaxendaleKenLornaThompson
3%

Score Distribution

Percentile by Number Answered

Percent of People with Each Score

Your Score History

You have not taken this quiz